000 00852cam a2200265 a 4500
001 000019583
005 20200929170051.0
008 771102s1947 ag 001 f spa d
040 _aDO-SdBNP
_bspa
_cDLC
_dBNPHU
082 _a863.5
_bC348e, 1947
100 1 _aCastelar, Emilio,
_d1832-1899
_93312
245 1 0 _aErnesto /
_cEmilio Castelar.
250 _a2a ed.
260 _aBuenos Aires, Argentina :
_bEspasa-Calpe Argentina,
_c1947.
300 _a245, [11] p. ;
_c18 cm.
490 1 _aAustral. Azul: novelas y cuentos en general
_v794
500 _aIncluye índice de autores
650 4 _aNovela española
_91123
650 4 _aNovela amorosa
_913334
650 4 _aLiteratura española
_9632
830 0 _aAustral.
_pAzul: novelas y cuentos en general;
_v794
_922386
910 _aCatalogación derivada / LC
910 _aWM
049 _aBNGR
999 _c19099
_d19099